000 01906nam a2200493 i 4500
001 90578
003 FlNmELB
005 20241217171943.0
006 m o d |
007 cr cnu||||||||
008 140822s2011 sp ob 001 0 spa d
020 _a9788474765724 (e-book)
020 _z9788474765526
035 _a(MiAaPQ)EBC3222041
035 _a(Au-PeEL)EBL3222041
035 _a(CaPaEBR)ebr10902679
035 _a(OCoLC)991927317
040 _aFINmELB
_bspa
_erda
_cFINmELB
050 4 _aJN8341
_b.N322 2011
080 _a32
082 0 _a323.0420946
_223
100 1 _aNavarro Yáñez, Clemente J.
245 1 0 _aComunidades locales y participación política en España /
_cClemente J. Navarro Yáñez.
264 1 _aMadrid :
_bCIS - Centro de Investigaciones Sociológicas,
_c2011.
300 _a1 recurso en línea (198 páginas)
336 _atexto
_btxt
_2rdacontent/spa
337 _acomputadora
_bc
_2rdamedia/spa
338 _arecurso en línea
_bcr
_2rdacarrier/spa
490 1 _aColección Monografías ;
_v273
500 _aIncluye índice.
504 _aIncluye bibliografía.
588 _aDescripción basada en recurso en línea; Título de la página del título en PDF (e-libro, visto August 22, 2014).
590 _aRecurso electrónico. Santa Fe, Arg.: e-libro, 2015. Disponible vía World Wide Web. El acceso puede estar limitado para las bibliotecas afiliadas a e-libro.
650 0 _aPolitical participation
_zSpain.
650 0 _aCitizenship
_zSpain.
650 4 _aParticipación política
_zEspaña.
650 4 _aCiudadanía
_zEspaña.
651 0 _aSpain
_xPolitics and government
_y21st century.
651 4 _aEspaña
_xPolítica y gobierno
_ySiglo XXI.
655 4 _aLibros electrónicos.
797 2 _ae-libro, Corp.
830 0 _aColección Monografías ;
_v273.
856 4 0 _uhttps://elibro.net/ereader/politecnicointernacional/52041
999 _c90578
_d90578